000
00446nam a2200181Ia 4500
008
100917s9999 xx 000 0 und d
082
_b
51232
100
_a
साधले आनंद
245
_a
सय
260
_b
परचुरे प्रकाशन
_c
1972
300
_a
143
365
_b
7.5
520
_a
कादंबरी
630
_a
सय
650
_a
कादंबरी
730
_a
सय
942
_c
BOOK
999
_c
656626
_d
656623